Краткий анализ рынка добровольного медицинского страхования в России за 2009-2013 годы; Экономика России в XXI веке; Т. 1

Bibliografiske detaljer
Parent link:Экономика России в XXI веке: сборник научных трудов XI Международной научно-практической конференции "Экономические науки и прикладные исследования: фундаментальные проблемы модернизации экономики России", посвященной 110-летию экономического образования в Томском политехническом университете, г. Томск, 18-22 ноября 2014 г./ Национальный исследовательский Томский политехнический университет (ТПУ) ; ред. кол. Г. А. Барышева [и др.].— , 2014
Т. 1.— 2014.— [С. 54-59]
Hovedforfatter: Кирсанова Т. М.
Institution som forfatter: Национальный исследовательский Томский политехнический университет (ТПУ) Институт социально-гуманитарных технологий (ИСГТ) Кафедра экономики (ЭКОН)
Andre forfattere: Жаворонок А. В. Анастасия Валерьевна (научный руководитель)
Summary:Заглавие с титульного экрана
На сегодняшний день в России медицинское страхование представлено в двух видах: добровольном и обязательном. Добровольное медицинское страхование является неотъемлемой частью современного общества и дает возможность для получения гражданами более квалифицированной и качественной медицинской помощи, которую они не могут получить по программе обязательного медицинского страхования. ДМС является весьма доступным как для физических, так и для юридических лиц, что дает хорошую возможность не только для страхования здоровья разных слоев населения, но и для работодателя являясь средством стимулирования и поддержки персонала.
Sprog:russisk
Udgivet: 2014
Serier:Проблемы теории и методологии экономической науки
Fag:
Online adgang:http://www.lib.tpu.ru/fulltext/c/2014/C40/V1/011.pdf
Format: Electronisk Book Chapter
KOHA link:https://koha.lib.tpu.ru/cgi-bin/koha/opac-detail.pl?biblionumber=610004

MARC

LEADER 00000naa2a2200000 4500
001 610004
005 20260331085139.0
035 |a (RuTPU)RU\TPU\conf\7579 
035 |a RU\TPU\conf\7576 
090 |a 610004 
100 |a 20141219d2014 k y0rusy50 ca 
101 0 |a rus 
102 |a RU 
135 |a drgn ---uucaa 
181 0 |a i  
182 0 |a b 
200 1 |a Краткий анализ рынка добровольного медицинского страхования в России за 2009-2013 годы  |f Т. М. Кирсанова  |g науч. рук. А. В. Жаворонок 
203 |a Текст  |c электронный 
225 1 |a Проблемы теории и методологии экономической науки 
300 |a Заглавие с титульного экрана 
320 |a [Библиогр.: с. 59 (5 назв.)] 
330 |a На сегодняшний день в России медицинское страхование представлено в двух видах: добровольном и обязательном. Добровольное медицинское страхование является неотъемлемой частью современного общества и дает возможность для получения гражданами более квалифицированной и качественной медицинской помощи, которую они не могут получить по программе обязательного медицинского страхования. ДМС является весьма доступным как для физических, так и для юридических лиц, что дает хорошую возможность не только для страхования здоровья разных слоев населения, но и для работодателя являясь средством стимулирования и поддержки персонала. 
337 |a Adobe Reader 
461 1 |0 (RuTPU)RU\TPU\conf\7533  |t Экономика России в XXI веке  |o сборник научных трудов XI Международной научно-практической конференции "Экономические науки и прикладные исследования: фундаментальные проблемы модернизации экономики России", посвященной 110-летию экономического образования в Томском политехническом университете, г. Томск, 18-22 ноября 2014 г.  |o в 2 т.  |f Национальный исследовательский Томский политехнический университет (ТПУ) ; ред. кол. Г. А. Барышева [и др.]  |d 2014 
463 0 |0 (RuTPU)RU\TPU\conf\7535  |t Т. 1  |v [С. 54-59]  |d 2014 
610 1 |a труды учёных ТПУ 
610 1 |a электронный ресурс 
610 1 |a анализ 
610 1 |a рынок 
610 1 |a добровольное медицинское страхование 
610 1 |a Россия 
610 1 |a медицинское страхование 
610 1 |a медицинская помощь 
610 1 |a страхование 
610 1 |a здоровье 
610 1 |a социальная защита 
610 1 |a страховые продукты 
610 1 |a экономика 
700 1 |a Кирсанова  |b Т. М. 
702 1 |a Жаворонок  |b А. В.  |c экономист  |c старший преподаватель Томского политехнического университета  |f 1984-  |g Анастасия Валерьевна  |4 727 
712 0 2 |a Национальный исследовательский Томский политехнический университет (ТПУ)  |b Институт социально-гуманитарных технологий (ИСГТ)  |b Кафедра экономики (ЭКОН)  |3 (RuTPU)RU\TPU\col\18375 
801 2 |a RU  |b 63413507  |c 20141219  |g RCR 
856 4 |u http://www.lib.tpu.ru/fulltext/c/2014/C40/V1/011.pdf 
942 |c BK